| 000 | 00684nam a2200205 i 4500 | ||
|---|---|---|---|
| 001 | 99085 | ||
| 003 | ES-MaACL | ||
| 005 | 20250719031948.0 | ||
| 007 | t| | ||
| 008 | 051121s1976 pr ||||1| spa d | ||
| 080 | _a929 Hostos, Eugenio María de | ||
| 100 | 1 |
_aMora, Gabriela. _982858 |
|
| 245 | 1 | 0 |
_aHostos intimista _b: introducción a su diario / _cGabriela Mora. |
| 260 |
_aSan Juan de Puerto Rico : _bInstituto de Cultura Puertorriqueña, _c1976. |
||
| 300 |
_a58 p. ; _c23 cm. |
||
| 600 | 1 | 7 |
_aHostos, Eugenio María de, _d1839-1903 _2embne _964302 |
| 710 | 2 |
_aInstituto de Cultura Puertorriqueña. _94858 |
|
| 852 |
_aES-MaACL _jE-11056 _bR.136740 |
||
| 999 |
_c99085 _d99085 |
||